Social media marketing in environment of Slovak internet market

Porovnanie možností, ktoré prinášajú nové e-marketingové nástroje. Nový pohľad na problematiku prepracovanejších marketingových konceptov v praxi.

Enregistré dans:
Détails bibliographiques
Auteur principal: Dorčák, Peter, 1979-
Autres auteurs: Pollák, František, 1985-
Format: Chapitre de livre
Langue:anglais
Sujets:
Tags: Ajouter un tag
Pas de tags, Soyez le premier à ajouter un tag!

MARC

LEADER 00000naa a2200000 4500
001 0135354
005 20240502072522.7
041 0 |a eng 
044 |a SK 
245 1 0 |a Social media marketing in environment of Slovak internet market  |c Peter Dorčák, František Pollák 
520 |a Porovnanie možností, ktoré prinášajú nové e-marketingové nástroje. Nový pohľad na problematiku prepracovanejších marketingových konceptov v praxi. 
610 2 0 |a trh elektronický 
610 2 0 |a médiá 
610 2 0 |a siete sociálne 
610 2 0 |a nástroje marketingové 
610 2 0 |a technológie komunikačné 
610 2 0 |a internet 
610 2 0 |a Slovensko 
610 2 0 |a Európska únia 
610 2 0 |a marketing 
100 1 |a Dorčák, Peter, 1979- 
700 1 |a Pollák, František, 1985-